000 00757nam a2200217Ii 4500
003 JO-AjNU
008 230605s9999||||xx |||||||||||||| ||und||
017 _a2010/1/154
040 _aJO-AjNU
_bara
_erda
_cJO-AjNU
041 _aara
050 1 4 _aDS154.9.A5.A2212 2009
100 3 _aعبابسه،مريم؛ ترجمة مي محمود؛ تدقيق ليلى جيوسي ,
_eauthor
_957487
245 0 0 _aعمان: مدينة الحجر والسلام
250 _aط1
264 3 1 _aعمان: امانة عمان الكبرى،2010
300 _a298ص
_bببليوجرافيا:292،صور
336 _atext
_btxt
_2rdacontent
337 _aunmediated
_bn
_2rdamedia
338 _avolume
_bnc
_2rdacarrier
650 4 _aعمان-تاريخ-اثار
_957488
999 _aA25766
_c29334
_d29334